00381nam a2200121Ia 4500008004000000020001600040082001600056100001900072245007400091260004800165300001000213650003600223210210b2000 xxu||||| |||| 00| 0 eng d a019565302 5 a954.03 HEEN aHEEHS (Peter). aNationalism, terrorism, communalism. essays in modern Indian history. aNew Delhi.bOxford University Press.,c2000 ax,174 aModern India Freedom Struggle